000 00612nam a2200229Ia 4500
003 OSt
005 20221007070349.0
006 a|||||r|||| 00| 0
007 ta
008 221006b |||||||| |||| 00| 0 eng d
024 _a43,329
037 _cTextual
040 _aFLL
_cFLL
_beng
041 _2eng
_aeng
082 _aZ255,83,11wN22, Q2
100 _aSingh G.P.
245 0 _aJustice G P Singh select judgments
260 _aGurgaon
_bLexisNexis India
_c2012
300 _a366 xiii
_ccm.
942 _hZ255,83,11wN22, Q2
_cTEXL
_2CC
999 _c1140254
_d1140254